1740 1208 1728 1590 1640 1348 1139 1292 1030 1306 1281 1285 1160 1176 1412 1277 1331 1697 1344 1090 1815 1271 1058 1575 1424 1729 1981 1946 1588 1625 1708 1152 1388 1097 1135 1715 1627 1905 1549 1775 1360 1679 1516 1483 1747 1104 1010 1494 1105 1130 1779 1192 1831 1091 1576 1352 1368 1278 1655 1990 1869 1857 1351 1277 1941 1699 1251 1125 1988 1461 1082 1501 1845 1335 1540 1902 1419 1287 1107 1227 1971 1768 1817 1304 1110 1369 1580 1642 1649 1925 1302 1597 1583 1491 1448 1739 1645 1641 1400 BCNSPRNW ULIB Ver.6.0+V

เปลี่ยนเป็นภาษาไทย

Change to English
 แสดงรายละเอียดบรรณานุกรม
  กลับหน้าหลัก

Brief Record : Get Marc (ISO 2709) : E-mail record : QR code < ปิดหน้าต่าง
LEADER : 00000nam 2200000uu 4500
001    13399110445
003     ULIB
008    110530s2006||||th 000 0 eng d
020    9780323018623
020    0323018629
060 04 WY152^bB988C 2006
100 1  Buttaro, Terry Mahan
245 10 Clinical management of patients in subacute and long-termcare settings /^cTerry Mahan Buttaro, Susan Aznavorian, Karen Dick
246 30 Subacute and long-term care settings
260    St. Louis :^bMosby Elsevier,^c2006
300    xiii, 354 p. :^bill. ;^c23 cm.
504    Includes bibliographical references
650  0 Long-term care of the sick
700 1  Aznavorian, Susan
700 1  Dick, Karen
945    ^p0^l0^i030103
995    Tossapron
999 ^a ใช้งานได้ทุกระบบ
รายการนี้ยังไม่มีแท็ก
คุณยังไม่ได้ล็อกอิน คุณสามารถมีกิจกรรมร่วมกับเว็บไซต์ได้ แต่ต้องล็อกอินก่อน ::
  ล็อกอิน

รายการสื่อสารสนเทศ

ลำดับที่ ประเภท เลขเรียก/บาร์โค้ด สถานที่ สถานะ
- ไม่พบข้อมูล -

รายการใกล้เคียง
    ผู้แต่ง [Buttaro, Terry Mahan]

BibComment


ยังไม่เคยถูกคอมเมนท์

คอมเมนท์ทรัพยากรรายการนี้
  คอมเมนท์: Clinical manageme..


 Copyright 2026. Bcnsprnw @Library